La construcción de una ciudad hispanoamericana (Record no. 140560)
[ view plain ]
| 000 -LEADER | |
|---|---|
| fixed length control field | 00830nam a22002177a 4500 |
| 005 - DATE AND TIME OF LATEST TRANSACTION | |
| control field | 20251001130344.0 |
| 008 - FIXED-LENGTH DATA ELEMENTS--GENERAL INFORMATION | |
| fixed length control field | 251001b ag ||||| |||| 00| 0 spa d |
| 020 ## - INTERNATIONAL STANDARD BOOK NUMBER | |
| International Standard Book Number | 9875082589 |
| 050 04 - LIBRARY OF CONGRESS CALL NUMBER | |
| Classification number | NA837.S3 |
| Item number | C35 2004 |
| 100 1# - MAIN ENTRY--PERSONAL NAME | |
| Personal name | Calvo, Luis María. |
| 245 13 - TITLE STATEMENT | |
| Title | La construcción de una ciudad hispanoamericana |
| Remainder of title | : Santa Fe la vieja entre 1573-1660 |
| Statement of responsibility, etc | / Luis María Calvo. |
| 250 ## - EDITION STATEMENT | |
| Edition statement | 1a ed. |
| 260 ## - PUBLICATION, DISTRIBUTION, ETC. (IMPRINT) | |
| Place of publication, distribution, etc | Santa Fe, Argentina : |
| Name of publisher, distributor, etc | Ediciones Universidad Nacional del Litoral, |
| Date of publication, distribution, etc | 2004. |
| 300 ## - PHYSICAL DESCRIPTION | |
| Extent | 206 p. : |
| Other physical details | il. ; |
| Dimensions | 22 cm. |
| 490 0# - SERIES STATEMENT | |
| Series statement | Sociedad y Cultura. |
| 504 ## - BIBLIOGRAPHY, ETC. NOTE | |
| Bibliography, etc | Bibliografía : p. 198-202 e índice. |
| 650 #7 - SUBJECT ADDED ENTRY--TOPICAL TERM | |
| Source of heading or term | lemb |
| Topical term or geographic name as entry element | Arquitectura |
| General subdivision | Historia |
| Chronological subdivision | Siglo XVI |
| Geographic subdivision | Argentina |
| -- | Santa Fe |
| 650 #7 - SUBJECT ADDED ENTRY--TOPICAL TERM | |
| Source of heading or term | lemb |
| Topical term or geographic name as entry element | Arquitectura |
| General subdivision | Historia |
| Chronological subdivision | Siglo XVII |
| Geographic subdivision | Argentina |
| -- | Santa Fe |
| 650 #4 - SUBJECT ADDED ENTRY--TOPICAL TERM | |
| Topical term or geographic name as entry element | Urbanismo |
| Geographic subdivision | Argentina |
| -- | Santa Fe |
| 942 ## - ADDED ENTRY ELEMENTS (KOHA) | |
| Source of classification or shelving scheme | Biblioteca del Cogreso de los Estados Unidos |
| Koha item type | Libro |
| Estado de pérdida | Fuente de clasificación | Estado del daño | No para préstamo | Ubicación permanente | Ubicación actual | Apartado o colección | Fecha de adquisición | Fuente de adquisición | Edición | Área del conocimiento | Total Checkouts | Clasificación | Código de Barras | Date last seen | Número de copia | Costo por reposición | Tipo de recurso | Nota pública |
|---|---|---|---|---|---|---|---|---|---|---|---|---|---|---|---|---|---|---|
| Biblioteca del Cogreso de los Estados Unidos | Biblioteca de la Facultad de Arquitectura | Biblioteca de la Facultad de Arquitectura | General | 01/10/2025 | Donación | 1a ed. | Educación y Humanidades | NA837.S3 C35 2004 | BFA000006239 | 01/10/2025 | 1 | 1.00 | Libro | POSGRADO |